000008538 001__ 8538 000008538 005__ 20260410134242.0 000008538 0247_ $$2DOI$$a10.6083/pr76f4145 000008538 037__ $$aIR 000008538 245__ $$aThe Team that said Yes: Reduction in the Average Length of Stay (LOS) for Elective Hip/Knee Replacements 000008538 260__ $$bVeterans Administration Portland 000008538 269__ $$a2017 000008538 336__ $$aOther 000008538 540__ $$fCC BY 000008538 542__ $$fIn copyright - single owner 000008538 650__ $$aPatient Discharge$$023666 000008538 650__ $$aArthroplasty, Replacement, Hip$$031758 000008538 650__ $$aLength of Stay$$021400 000008538 650__ $$aArthroplasty, Replacement, Knee$$031759 000008538 7001_ $$aDoane, Jen 000008538 8564_ $$99fce2fd1-1e9b-4add-af31-9441793bbaf7$$s451992$$uhttps://digitalcollections.ohsu.edu/record/8538/files/2017-EBP-VA-Doane-The_Team_That_Said_Yes_Reduction_in_the_Average_Length_of_Stay_for_Elective_Hip_Knee_Replacements-Presentation.pdf$$ePublic$$218003cc02882d36a12394dea1d515048$$31 000008538 8564_ $$9e1c32f16-0c7b-4098-ad32-0917ca63ae55$$s21451$$uhttps://digitalcollections.ohsu.edu/record/8538/files/2017-EBP-VA-Doane-The_Team_That_Said_Yes_Reduction_in_the_Average_Length_of_Stay_for_Elective_Hip_Knee_Replacements-ExecutiveSummary.pdf$$ePublic$$26457839efb06177df533dc6b2925bd28$$31 000008538 901__ $$a<p>These documents are archival records. They are retained for historical reference only. </p><p><b>Need an accessible version? Use the ‘Get Accessible Copy’ link above.</b></p> 000008538 905__ $$a/rest/prod/pr/76/f4/14/pr76f4145 000008538 956__ $$aGet Accessible Copy$$uhttps://ohsu.libwizard.com/f/requestaccessibledocument 000008538 980__ $$aEvidence-Based Practice Nursing Fellowship collection